Dopisz do TOP 1 kraj z Europy - Statystyki

Ogólne statystyki
  • Ten quiz został rozwiązany 30 razy
  • Średni wynik to 26 z 29
Statystyki odpowiedzi
TOP 1 Kraj % Poprawnych
Top 1 pod względem liczby odwiedzających turystów na świecie. Francja
100%
Top 1 w edukacji (według ocen międzynarodowych). Finlandia
97%
Największy producent oliwek i oliwy z oliwek na świecie. Hiszpania
97%
Największa gospodarka w Europie. Niemcy
97%
Top 1 w produkcji jabłek w Europie Polska
97%
Największa powierzchnia na świecie Rosja
97%
Top 1 w produkcji zegarków luksusowych. Szwajcaria
97%
Najwyższy poziom życia na świecie (według World Happiness Report). Dania
93%
Kolebka zachodniej cywilizacji (filozofia, demokracja). Grecja
93%
Największy eksport bursztynu w Europie Litwa
93%
Najszczęśliwszy kraj świata (według Human Development Index). Norwegia
93%
Największy producent korka na świecie. Portugalia
93%
Najwięcej zabytków UNESCO na świecie. Włochy
93%
Kolebka muzyki klasycznej Austria
90%
Najczystsze morze w Europie Chorwacja
90%
Najbardziej zaawansowany cyfrowo kraj w Europie (e-administracja). Estonia
90%
Największe pokrycie lasami w Europie Północnej. Łotwa
90%
Największa liczba zamków na mieszkańca w Europie Słowacja
90%
Jeden z największych eksporterów zbóż na świecie. Ukraina
90%
Największa produkcja traktorów na osobę. Białoruś
87%
Największa konsumpcja piwa na osobę na świecie. Czechy
87%
Najczystsze powietrze na świecie. Islandia
83%
Najbardziej zrównoważona ekologicznie gospodarka Europy Słowenia
83%
Najmniejszy kraj w UE. Malta
80%
Największy eksport mebli. Malta
80%
Najbardziej gęsto zaludniony kraj świata. Monako
80%
Największy na świecie budynek administracyjny Rumunia
80%
Największa na świecie termalna jaskinia wapienna Węgry
77%
Najwięcej słonecznych dni w Europie. Cypr
57%
Nie znaleziono quizów pasujących do podanych kryteriów
Rozkład punktacji
Procent ludzi z każdym wynikiem
Percentyl według liczby udzielonych odpowiedzi
Twoja historia wyników
Nie rozwiązałeś tego quizu